| 000 | 00486nam a22001577a 4500 | ||
|---|---|---|---|
| 008 | 110420t xxu||||| |||| 00| 0 eng d | ||
| 020 | _a0421419407 | ||
| 082 | _2346.03 TIE | ||
| 100 |
_aTiernon, Ralph. _91236 |
||
| 245 |
_aTort in a Nutshells : _cRalph, Tiernan / |
||
| 250 | _a2nd ed. | ||
| 260 |
_aLondon: _bSweet & Maxwell. _c1990. |
||
| 300 |
_a133p.; _c22 cm. |
||
| 942 |
_2ddc _cBK |
||
| 999 |
_c422 _d422 |
||